000 02540cam a2200661 i 4500
001 xx004688731
003 NUKAT
005 20260331142822.0
008 190828s2019 pl a |001 0dpol c
020 _a9788394129422
_q(oprawa twarda)
035 _a(OCoLC)1121425124
035 _a(NUKAT)xx004688731
040 _aWA U/JK
_bpol
_erda
_cWA U/JKs
_dWA U/EBA
_dPOZN U/DWs
_dOLSZT 008/bak
045 2 _bd1243
_bd2019
046 _k2014
_l2019
100 1 _aBażanowski, Rudolf
_d(1953- ).
_eAutor
_939321
245 1 0 _aKościoły i parafie Diecezji Mazurskiej przeszłość i teraźniejszość :
_bhistoria kościołów i parafii ewangelickich w zarysie ze szczególnym uwzględnieniem ich losów po 1945 roku.
_nT. 1 /
_cRudolf Bażanowski.
260 _aOlsztyn :
_bMazurskie Towarzystwo Ewangelickie,
_c2019.
300 _a416 stron :
_bilustracje kolorowe ;
_c24 cm.
336 _aTekst
_btxt
_2rdacontent
337 _aBez urządzenia pośredniczącego
_bn
_2rdamedia
338 _aWolumin
_bnc
_2rdacarrier
380 _aKsiążki
380 _aPublikacje informacyjne
380 _aPublikacje naukowe
388 1 _a2001-
500 _aMapy na wyklejkach.
504 _aIndeks.
610 2 7 _aDiecezja Mazurska (Kościół Ewangelicko-Augsburski w RP)
_2DBN
_939322
648 7 _a1201-1300
_2DBN
_936031
648 7 _a1301-1400
_2DBN
_935871
648 7 _a1401-1500
_2DBN
_936030
648 7 _a1501-1600
_2DBN
_936032
648 7 _a1601-1700
_2DBN
_936034
648 7 _a1701-1800
_2DBN
_936035
648 7 _a1801-1900
_2DBN
_936037
648 7 _a1901-2000
_2DBN
_934996
648 7 _a2001-
_2DBN
_936393
650 7 _aArchitektura niemiecka
_2DBN
_935167
650 7 _aArchitektura polska
_2DBN
_935168
650 7 _aArchitektura sakralna
_2DBN
_935311
650 7 _aEwangelicyzm augsburski
_2DBN
_935711
650 7 _aKościoły i kaplice
_2DBN
_936990
650 7 _aParafie
_2DBN
_935432
650 7 _aEwangelicyzm
_zPolska
_zMazury (region)
_xhistoria.
_2kaba
_925349
650 7 _aKościoły protestanckie
_zPolska
_zMazury (region)
_xhistoria.
_2kaba
_939323
650 7 _aParafie
_zPolska
_zMazury (region)
_xhistoria.
_2kaba
_939324
651 7 _aMazury
_2DBN
_935176
651 7 _aPrusy Górne
_2DBN
_939325
651 7 _aWarmia
_2DBN
_935166
655 7 _aEncyklopedia polska
_2DBN
_939326
658 _aHistoria
658 _aKultura i sztuka
658 _aReligia i duchowość
710 2 _aMazurskie Towarzystwo Ewangelickie.
_eWydawca
_4pbl
_925342
920 _a978-83-941294-2-2 (oprawa twarda)
942 _2ddc
_cBK_NM
999 _c27385
_d27385